Taylor Swift - Chansons de Speak Now par durée - Statistiques

Statistiques générales
  • Ce quiz a été pris 35 fois
  • Le résultat moyen est 17 sur 22
Statistiques - réponses
Hint Réponse % Correct
6:45 min Dear John
100%
5:53 min Enchanted
94%
6:09 min Last Kiss
88%
5:17 min Long Live
88%
4:02 min Speak Now
82%
5:21 min Timeless
82%
4:54 min Back to December
76%
3:40 min Better than Revenge
76%
5:01 min Innocent
76%
3:58 min Mean
76%
3:51 min Mine
76%
4:21 min Sparks Fly
76%
4:05 min Haunted
71%
4:52 min Never Grow Up
71%
3:55 min Ours
71%
5:06 min Castles Crumbling ft. Hayley Williams
65%
4:26 min Electric Touch ft. Fall Out Boy
65%
5:11 min Foolish One
65%
4:33 min I Can See You
65%
4:34 min Superman
65%
4:12 min When Emma Falls in Love
65%
4:27 min The Story of Us
59%
Aucun quiz correspondant
Distribution des résultats
% des personnes avec chaque résultat
Percentile par nombre de réponses
Votre historique - résultats
Vous n’avez pas pris ce quiz